00829cam a2200229u 450000100060000000300080000600500170001400800390003103500190007004000330008904100080012208200210013010000430015124500520019426000430024630000270028960000670031665000540038394200120043799900170044995201330046618372BD-RjUL20211209000257.0140220s1964 enk 000 0 eng a(BD-RjUL)18430 aDLCcCarPdDLCdBD-RjULbeng aeng04a822.33bWIF 19641 aWilson, John Dover,d1881-1969.95628514aThe fortunes of Falstaff /c John Dover Wilson. aCambridge :bUniversity Press,c1964. aviii, 143 p. ;c19 cm.10aShakespeare, William,d1564-1616xCharactersxFalstaff.956594 0aFalstaff, John, Sir (Fictitious character)956582 2ddccBK c18372d18372 00102ddc40718NFICaRUCLbRUCLcReadingd1969-11-29eZeitg0.17l0o822.33 WIF 1964r2014-02-20 00:00:00tC-1w2014-02-20yBK